LEADER 01372nam a2200301 i 4500 001 000000087779 003 CaOOAMICUS 005 20160915000000.0 008 160915s2002 it u000 u ita u 013 $a60019 020 $a88-8212-349-9 040 $aSeMil$bita 245 10$aVite salvate :$btestimonianze /$cA cura di Gianni Mussini ; Prefazione di Claudio Magris ; Con una testimonianza di Franco Zeffirelli. 260 $aNovara :$bInterlinea,$ccopyr. 2002. 300 $a96 p. ;$c16 cm. 490 0 $aPassio ;$v29 500 $aIn appendice : Scheda sul Movimento per la vita. Notizia sui testi. - In preliminari : Dedica autografata. 650 4$aAborto - Morale cristiana.$0(OLS)http://semarc/subject/16371 700 1 $aMussini, Gianni,$d<1951- >.$0(OLS)http://semarc/name/30703 700 1 $aZeffirelli, Franco.$0(OLS)http://semarc/name/33889 700 1 $aMagris, Claudio,$d<1939- >.$0(OLS)http://semarc/name/1323 830 0$aPassio ;$v29.$0(OLS)http://semarc/title/13022 850 $aSeMil 852 $aSeMil$W1$xVenegono$y1$m1A I 137$j51201$B51201$CSeMilBibl$Z2$F55378 $81 961 $aOmaggio: Gallivanone don Franco 996 $6020$a88-8212-349-9$9(OLS)http://semarc/number/67791 996 $6245$aVite salvate :$btestimonianze$9(OLS)http://semarc/title/133778 996 $6260$aNovara :$bInterlinea$9(OLS)http://semarc/publisher/31908 LEADER 00753nam a2200205 i 4500 001 000000220996 003 CaOOAMICUS 005 20260226111250.0 008 130611s1795 xx u000 u fre u 013 $a199893 026 $as.te r.r; ean- vaso (3) 1795 (A) 040 $aSeMil$bita 245 10$aTome 6. Traité des animaux. 300 $a[4], 277 p. 500 $aSegn.: pg2 A-Z6 773 0 $aCondillac, Étienne : Bonnot de <1714-1780>$tOeuvres philosophiques de Condillac. Tome 1. [-6.].$dA Paris : Chez Dufart, 1795 An 3..$g6$w()4044 850 $aSeMil 852 $aSeMil$W1$xVenegono$y1$m2O I 144 FA$j171350$B171350$CSeMilBibl$Z2$F181827 $8I 996 $6245$aTome 6. Traité des animaux$9(OLS)http://semarc/title/316809